000 00361nam a2200133Ia 4500
008 151001s9999||||xx |||||||||||||| ||und||
100 _aNavkala Roy
245 4 _aThe Ship: How it work
250 _a4
260 _bChildren Books Trust
260 _c1998
300 _a24
365 _b18
999 _c975830
_d975827